书目信息 |
| 题名: |
温榆河流域河流生态修复技术研究
|
|
| 作者: | 李其军 著 | |
| 分册: | ||
| 出版信息: | 北京 中国水利水电出版社 2011.01 |
|
| 页数: | 272页 | |
| 开本: | 26cm | |
| 丛书名: | ||
| 单 册: | ||
| 中图分类: | X522.06 | |
| 科图分类: | ||
| 主题词: | 河流 , 河流--生态环境--环境综合整治--研究--北京 , 环境综合整治 , 生态环境 | |
| 电子资源: | ||
| ISBN: | 978-7-5084-8381-8 | |
| 000 | 01093nam0 2200301 450 | |
| 001 | 1261734353 | |
| 005 | 20120107170915.14 | |
| 010 | @a978-7-5084-8381-8@dCNY52.00 | |
| 049 | @aA330000ZJL@bUCS01004837875@c012011004804 | |
| 090 | @aX52@blqj | |
| 096 | @aX52@blqj | |
| 100 | @a20110507d2011 em y0chiy50 ea | |
| 101 | 0 | @achi |
| 102 | @aCN@b110000 | |
| 105 | @aa z 000yy | |
| 200 | 1 | @a温榆河流域河流生态修复技术研究@9wen yu he liu yu he liu sheng tai xiu fu ji shu yan jiu@b专著@f李其军等著 |
| 210 | @a北京@c中国水利水电出版社@d2011.01 | |
| 215 | @a272页@c图@d26cm | |
| 304 | @a著者还有:廖日红、孟庆义、胡秀琳 | |
| 330 | @a本书对近年来北京市温榆河流域河流生态修复技术研究成果进行了总结,阐述了流域河流水体生态处理、河道生态治理、底泥污染影响分析与资源化、生态河流健康评价研究成果,并介绍了示范工程运行监测效果。 | |
| 606 | 0 | @a河流 |
| 606 | 0 | @a河流@x生态环境@x环境综合整治@x研究@y北京 |
| 606 | 0 | @a环境综合整治 |
| 606 | 0 | @a生态环境 |
| 690 | @aX522.06@v4 | |
| 701 | 0 | @a李其军@f(1965~)@9li qi jun@4著 |
| 801 | 0 | @aCN@bZL@c20110421 |
| 905 | @aZUCC@dX522.06@eL232 | |
| 温榆河流域河流生态修复技术研究/李其军等著.-北京:中国水利水电出版社,2011.01 |
| 272页:图;26cm |
| ISBN 978-7-5084-8381-8:CNY52.00 |
| 本书对近年来北京市温榆河流域河流生态修复技术研究成果进行了总结,阐述了流域河流水体生态处理、河道生态治理、底泥污染影响分析与资源化、生态河流健康评价研究成果,并介绍了示范工程运行监测效果。 |
| ● |
| 相关链接 |
|
|
|
正题名:温榆河流域河流生态修复技术研究
索取号:X522.06/L232
 
预约/预借
| 序号 | 登录号 | 条形码 | 馆藏地/架位号 | 状态 | 备注 |
| 1 | 480671 | 204806718 | 自科库501/501自科库 101排2列2层/ [索取号:X522.06/L232] | 在馆 | |
| 2 | 480672 | 204806727 | 自科库501/501自科库 101排2列2层/ [索取号:X522.06/L232] | 在馆 |